Statistics for Rappers with numbers in their name

Click here to take the quiz!

General Stats

  • This quiz has been taken 1,163 times
  • The average score is 3 of 10

Answer Stats

SongRapper% Correct
Candy Shop50 Cent
95%
Hey Ya!Andre 3000
71%
Ghetto Gospel2Pac
58%
I'm Different2 Chainz
38%
Sound of Da PoliceKRS-One
25%
Worldwide ChoppersTech N9ne
25%
Straight Up MenaceMC Eiht
11%
BoomRoyce Da 5'9"
10%
So Fly213
5%
From Tha StreetzMack 10
5%

Score Distribution

Percentile by Number Answered

Percent of People with Each Score

Your Score History

You have not taken this quiz